| 000 | 01028nas a2200313 4500 | ||
|---|---|---|---|
| 001 | BR2011004015 | ||
| 003 | BR-BrBNA | ||
| 005 | 20231205115453.0 | ||
| 007 | ta | ||
| 008 | 230509b bl.|||p| |||| 00| 00por d | ||
| 040 |
_aBR-BrBNA _bpor _cBiblioteca Nacional de Agricultura |
||
| 041 | _a(Pt) | ||
| 072 | _aF63 | ||
| 100 | 1 | _aSousa, R.M. | |
| 100 | 1 | _aAguiar, O. de S. | |
| 100 | 1 | _aFreitas, B.M. | |
| 100 | 1 | _aSilveira Neto, A.A. da | |
| 100 | 1 | _aPereira, T.F.C. | |
| 245 | 1 | _aRequerimentos de polinização do meloeiro (Cucumis melo L.)no município de Acaraú - CE - Brasil | |
| 246 | 1 | _aPolination requeriments of muskmelon (Cucumis melo L.)in the municipal district of Acaraú, state of Ceará, Brazil | |
| 650 | _aMELÃO | ||
| 650 | _aCUCUMIS MELO | ||
| 650 | _aPOLINIZAÇÃO | ||
| 650 | _aFRUTO | ||
| 650 | _aQUALIDADE | ||
| 773 | 0 |
_tRevista Caatinga (Brazil) _xISSN 0100-316X _g(Jan-Mar 2009), v. 22(1) p. 238-242 _wBR2011004015 |
|
| 909 |
_a202311 _bLúcia _c55 _dLúcia Elande |
||
| 942 |
_2AGRIS _n0 _cANA |
||
| 999 |
_c213987 _d213987 |
||